Normal view
MARC view
Entry Topical Term
001 - CONTROL NUMBER
- control field: 3835
003 - CONTROL NUMBER IDENTIFIER
- control field: BD-RjUL
005 - DATE AND TIME OF LATEST TRANSACTION
- control field: 20220622163037.0
008 - FIXED-LENGTH DATA ELEMENTS
- fixed length control field: 220622|| aca||aabn | a|a d
040 ## - CATALOGING SOURCE
- Original cataloging agency: BD-RjUL
- Transcribing agency: BD-RjUL
150 ## - HEADING--TOPICAL TERM
- Topical term or geographic name entry element: Nonlinear differntial equations
- General subdivision: Approximate solution
670 ## - SOURCE DATA FOUND
- Source citation: Work cat.: (BD-RjUL)80025: PERVIN, MST. RAZIA 3834, NEW APPROXIMATE SOLUTION OF NON-LINEAR DIFFERENTIAL SYSTEMS :, 2014